000
00288nam a2200109Ia 4500
008
220204s9999 xx 000 0 und d
082
_a
541.2
_b
CUN
100
_a
Cuninghame, J G
245
0
_a
Chemical aspects of the atomic nucleus
260
_a
London
_b
Chemical Society
_c
1972
942
_c
BK
999
_c
30848
_d
30848